Turkish Geography A-Z - Statistics

General Stats
  • This quiz has been taken 86 times
  • The average score is 13 of 25
Answer Stats
/ Hint Answer % Correct
İ The most populated city in the country. Also the most populated city of Europe. İstanbul
89%
B Turkey's 4th most populated city located on the Marmara made capital by Sultan Orhan. Bursa
82%
C In 1974 a Turkish government was established on this island. Cyprus
82%
D Pamukkale is located in this province. Denizli
70%
V Biggest lake of the country. Lake Van
69%
N Province where Cappadoccia is located. Nevşehir
68%
Ç The province where the famous Battle of Gallipolli took place in. Çanakkale
66%
K Province/city of Rumî (Mevlana). Konya
63%
O The name of this province located in the Black Sea region also means "army" in Turkish. Ordu
63%
H This province was not a part of the country when it was established in 1923. Hatay
61%
U Mountain in Bursa province famous for its skii resorts. Uludağ
59%
I The only city on the border with Azerbaijani Nakchivan. Iğdır
56%
Z The Turkish city famous for its coal mines. Zonguldak
56%
A The mountain which Noah's Ark is believed to hit land at. Mount Ararat
55%
R This island that was once home to a world wonder is right next to Marmaris. (The island isn't Turkish) Rhodes
54%
Ö Beach in Fethiye famous of the waters very low salt levels. Ölüdeniz
51%
Ş One of the three provinces awarded with a title because of its valor in the Independence War. Şanlıurfa
42%
E One of the most important rivers in the country that is located in the Southeastern Anatolian region. Euphrates
39%
T The mountain range that goes throughout the southern sea border of the country. Toros Mountains
32%
M Fill in the blank: Another name for Turkey's landmass is Asia ... Minor
30%
P Iconic steam of Eskişehir namesake of an animal in Turkish. Porsuk
24%
G The famous delta structure situated in Istanbul. This area played a big role in the conquest of Constantinople. Golden Horn
23%
S The city that is known as the birthplace of the Ottomans and sometimes considered the first capital. Söğüt
23%
L Capital of the government in C in Turkish. Lefkoşa
20%
Y Mountains that are located in Thrace and find their way to the outskirts of Istanbul. Yıldız Mountains
11%
No matching quizzes found
Score Distribution
Percent of People with Each Score
Percentile by Number Answered
Your Score History
You have not taken this quiz